Die 5 Sicherheitsregeln - Statistiken

Allgemein
  • Dieses Quiz wurde 101 mal gespielt
  • Das Durchschnittsergebnis liegt bei 3 aus 5
Antwortstatistiken
Sicherheitsregeln % Korrekt
1. Freischalten
100%
2. Gegen Wiedereinschalten sichern
89%
4. Erden und kurzschließen
50%
3. Spannungsfreiheit (allpolig) feststellen
44%
5. Benachbarte, unter Spannung stehende Teile abdecken oder abschranken
11%
Keine übereinstimmenden Quizze gefunden
Verteilung der Resultate
Anzahl Personen mit jedem Resultat
Perzentil nach korrekt beantworteten Fragen
Ihre Resultats-Entwicklung
Sie haben dieses Quiz noch nicht gespielt